| 000 | 00434nam a2200145Ia 4500 | ||
|---|---|---|---|
| 008 | 220217s9999||||xx |||||||||||||| ||und|| | ||
| 020 | _a81-7808-897-5 | ||
| 082 | _a658.403 8 NUR | ||
| 100 |
_aNurlin, Barbara, C. Mc Sprague, Ralph, H _93375 |
||
| 245 | 0 | _aInformation systems management practice | |
| 250 | _a5th | ||
| 260 |
_aPearson education _bNew Delhi _c2003 |
||
| 300 | _b295 | ||
| 650 | _aMANAGEMENT INFORMATION SYSTEM | ||
| 999 |
_c171525 _d171525 |
||